00422nam a2200133Ia 4500008004100000082002000041100001900061245003300080260002500113300001000138942001200148999001900160952010900179210430s9999 xx 000 0 und d a621.402 S6931 T aK.Soman954350 aThermal EngineeringcK.Soman aNew DelhibPHIc2011 a693 P cBK2ddc c564910d564910 001040708NFICaSCMEbSCMEcGENd0001-02-14l0o621.402 S6931 TpSCME-4185r2021-04-30w2021-04-30yBK